49 Cities /

Guardado en:
Detalles Bibliográficos
Autor Corporativo: WORK Architecture Company (Autor)
Otros Autores: Bell, Eugenia (Editor)
Formato: Libro
Lenguaje:inglés
Publicado: New York : Inventory Press, LLC, 2015
Edición:3. vydanie
Materias:
Etiquetas: Agregar Etiqueta
Sin Etiquetas, Sea el primero en etiquetar este registro!

MARC

LEADER 00000nam a22000003a 4500
001 0075256
003 SK-STU
005 20190822175327.2
007 ta
008 190822s ----xo-----e------000-0-----d
020 |a 978-1-941753-05-7 
040 |a STU  |b slo 
041 0 |a eng 
044 |a xxu 
100 1 |a Bell, Eugenia  |4 edt 
110 2 |a WORK Architecture Company  |4 aut 
245 1 0 |a 49 Cities /  |c ed. Eugenia Bell; aut. WORK Architecture Company 
250 |a 3. vydanie 
260 |a New York :  |b Inventory Press, LLC,  |c 2015 
300 |a 144 s. 
650 0 7 |a dejiny urbanizmu 
650 0 7 |a vývoj stavby miest 
650 0 7 |a územné plánovanie 
650 0 7 |a metropoly 
650 0 7 |a zeleň v meste 
996 |b 284AU08099  |c A* 11364/U  |l AAKNST  |s P  |a 0  |w 0075256_0001